Digital fundamentals (Record no. 240884)
[ view plain ]
| 000 -LEADER | |
|---|---|
| fixed length control field | 00660nam a22002297a 4500 |
| 005 - DATE AND TIME OF LATEST TRANSACTION | |
| control field | 20260211115007.0 |
| 008 - FIXED-LENGTH DATA ELEMENTS--GENERAL INFORMATION | |
| fixed length control field | 260211b |||||||| |||| 00| 0 eng d |
| 020 ## - INTERNATIONAL STANDARD BOOK NUMBER | |
| International Standard Book Number | 9789332584600 |
| 040 ## - CATALOGING SOURCE | |
| Transcribing agency | AL |
| 041 ## - LANGUAGE CODE | |
| Language code of text/sound track or separate title | English |
| 082 ## - DEWEY DECIMAL CLASSIFICATION NUMBER | |
| Classification number | 621.3815 |
| Item number | FLOD |
| 100 ## - MAIN ENTRY--PERSONAL NAME | |
| Personal name | Thomas L Floyd |
| 100 ## - MAIN ENTRY--PERSONAL NAME | |
| 9 (RLIN) | 254441 |
| 245 ## - TITLE STATEMENT | |
| Title | Digital fundamentals |
| 250 ## - EDITION STATEMENT | |
| Edition statement | 11 |
| 260 ## - PUBLICATION, DISTRIBUTION, ETC. | |
| Place of publication, distribution, etc. | Uttar Pradesh |
| Name of publisher, distributor, etc. | Pearson India education services pvt ltd |
| Date of publication, distribution, etc. | 2025 |
| 300 ## - PHYSICAL DESCRIPTION | |
| Extent | 869 p. |
| Other physical details | PB |
| Dimensions | 28x22 cm. |
| 365 ## - TRADE PRICE | |
| Price type code | MAA4-5216326 |
| Price amount | ₹769.00 |
| Currency code | ₹ |
| Unit of pricing | ₹950.00 |
| Price effective from | 29-01-2026 |
| 650 ## - SUBJECT ADDED ENTRY--TOPICAL TERM | |
| Topical term or geographic name entry element | digital |
| 9 (RLIN) | 254442 |
| 650 ## - SUBJECT ADDED ENTRY--TOPICAL TERM | |
| Topical term or geographic name entry element | Introductory concepts |
| 9 (RLIN) | 254443 |
| 650 ## - SUBJECT ADDED ENTRY--TOPICAL TERM | |
| Topical term or geographic name entry element | logic gates |
| 9 (RLIN) | 254444 |
| 942 ## - ADDED ENTRY ELEMENTS (KOHA) | |
| Source of classification or shelving scheme | Dewey Decimal Classification |
| Koha item type | Book |
| Withdrawn status | Lost status | Source of classification or shelving scheme | Damaged status | Not for loan | Collection code | Home library | Current library | Date acquired | Source of acquisition | Cost, normal purchase price | Total Checkouts | Full call number | Barcode | Date last seen | Cost, replacement price | Price effective from | Koha item type |
|---|---|---|---|---|---|---|---|---|---|---|---|---|---|---|---|---|---|
| Dewey Decimal Classification | Computer Science and Engineering | St Aloysius Engineering Library | St Aloysius Engineering Library | 02/11/2026 | amazon.in | 769.00 | 621.3815 FLOD | SE000199 | 02/11/2026 | 950.00 | 01/29/2026 | Book | |||||
| Dewey Decimal Classification | Computer Science and Engineering | St Aloysius Engineering Library | St Aloysius Engineering Library | 02/11/2026 | amazon.in | 769.00 | 621.3815 FLOD | SE000200 | 02/11/2026 | 950.00 | 01/29/2026 | Book |